UBT Library

Aspects of U.S. Business and Law / (Record no. 109)

000 -LEADER
fixed length control field 00627nam a22002297a 4500
008 - FIXED-LENGTH DATA ELEMENTS--GENERAL INFORMATION
fixed length control field 131011b xxu||||| |||| 00| 0 eng d
020 ## - INTERNATIONAL STANDARD BOOK NUMBER
International Standard Book Number 3854281625
041 1# - LANGUAGE CODE
Language code of text/sound track or separate title eng
080 ## - UNIVERSAL DECIMAL CLASSIFICATION NUMBER
Universal Decimal Classification number 347
Common auxiliary subdivision (73)
100 1# - Rafti
Rafti Haschka, Helmut
245 10 - TITLE STATEMENT
Title Aspects of U.S. Business and Law /
Statement of responsibility, etc Helmut Haschka.
260 ## -
-- Wien :
-- Service-Fachverlag ;
-- 1990.
300 ## -
-- 327 f. :
-- me il. ;
-- 24 cm.
500 ## -
-- Preface f. : 7- 8
500 ## -
-- Includes indexes
505 ## -
-- Bibliography f. : 325 - 327
650 #0 -
-- Ligji
-- U.S.
650 #0 -
-- Biznesi
-- U.S.
650 #0 -
-- Etika
-- U.S.
700 1# -
-- Schmatzer, Hannes
942 ## - ADDED ENTRY ELEMENTS (KOHA)
Source of classification or shelving scheme
Item type Books
Holdings
Withdrawn status Lost status Source of classification or shelving scheme Damaged status Not for loan Collection code Permanent location Current location Shelving location Date acquired Total Checkouts Full call number Barcode Date last seen Price effective from Koha item type
          Koleksioni i përgjithshem UBT - Prishtine UBT - Prishtine Koleksioni i përgjithshem 10/11/2013   347(73)HAS 001-000114 10/11/2013 10/11/2013 Books
          Koleksioni i përgjithshem UBT - Prishtine UBT - Prishtine Koleksioni i përgjithshem 11/27/2013   347(73)HAS 001-000488 11/27/2013 11/27/2013 Books
          Koleksioni i përgjithshem UBT - Prishtine UBT - Prishtine Koleksioni i përgjithshem 11/27/2013   347(73)HAS 001-000487 11/27/2013 11/27/2013 Books
UBT Library © 2015-2024. All rights reserved University Education for Business and Technology